000 00550nam a2200181 ar4500
001 5686
005 20221127091200.0
008 110322s ||| 00010|eng d
020 _a9780415685818 (pbk)
_zSR106
082 0 4 _a745.2 Ye37 2019
100 1 _aYeang, Ken,
245 1 0 _aSaving the planet by design : reinventing our world through ecomimesis /
_cKen Yeang,
250 _a1st.rd.
260 _aNew York,
_bRoutledge,
_c2019
300 _a214 p.
_bill.col.
_c23 cm.
500 _aIncludes bib.references and index
650 4 _aSustainable design
999 _c5683
_d5683